000 00969cam a22003017a 4500
003 CHAP
005 20220329134414.0
008 971013s1971 mx a r 00010 spa d
010 _a20039
011 _a21011
035 _a25100
040 _cCHAP
090 _aFolleto 2556
110 2 _aCentro Nacional de Productividad de México, A.C.
_921247
245 1 4 _aLos canales y el agua de riego
260 _aMéxico :
_b(s.e.),
_c1971
300 _a52 p. :
_bilus.
490 0 _aCuadernos de historietas
_v; 4
590 _aBATCH-UPD
_b10
_c20130110
_lUCH01
_h1536
590 _aCONVERSION
_b10
_c20130109
_lUCH01
_h1312
650 1 4 _aCanales.
_918255
830 0 _aCuadernos de historietas
_v; 4
_929784
901 _aBK
942 _cFOLL
949 _aFolleto 2556
_bBC
_cFOLL
_d-57813
_eTS1
_i25100
_mD
_si
949 _aFolleto 2556
_bBC
_cFOLL
_d251002
_eTS2
_fc.2
_i25100
_kDonaciØn
_sb
949 _aFolleto 2556
_bBC
_cFOLL
_d33724002243736
_eTS2
_fc.3
_gDonaciØn
_i25100
_sb
999 _c20039
_d20039